Podnikanie popri zamestnaní
Podnikanie popri zamestnaní z pohľadu Zákonníka práce. Význam pojmu zárobková činnosť. Podnikanie popri zamestnaní z pohľadu zákona o daniach z príjmov. Preddavky na daň z príjmov. Paušálna daň. Podnikanie popri zamestnaní a poistné odvody.
Guardado en:
| Autor principal: | |
|---|---|
| Formato: | Capítulo de libro |
| Lenguaje: | eslovaco |
| Materias: | |
| Etiquetas: |
Sin Etiquetas, Sea el primero en etiquetar este registro!
|
MARC
| LEADER | 00000naa a2200000 4500 | ||
|---|---|---|---|
| 001 | r042005 | ||
| 005 | 20230919092423.9 | ||
| 041 | 0 | |a slo | |
| 044 | |a SK | ||
| 245 | 1 | 0 | |a Podnikanie popri zamestnaní |c Ján Mintál |
| 520 | |a Podnikanie popri zamestnaní z pohľadu Zákonníka práce. Význam pojmu zárobková činnosť. Podnikanie popri zamestnaní z pohľadu zákona o daniach z príjmov. Preddavky na daň z príjmov. Paušálna daň. Podnikanie popri zamestnaní a poistné odvody. | ||
| 610 | 2 | 0 | |a podnikanie |
| 610 | 2 | 0 | |a zamestnanie |
| 610 | 2 | 0 | |a zákonník práce |
| 610 | 2 | 0 | |a pomer pracovný |
| 610 | 2 | 0 | |a povinnosť oznamovacia |
| 610 | 2 | 0 | |a preddavky |
| 610 | 2 | 0 | |a odvody |
| 610 | 2 | 0 | |a poistné |
| 100 | 1 | |a Mintál, Ján | |